مكتبة جامعة عجلون الوطنية

فهرس بحث المكتبة

الاردن في اشعار العرب / (Record no. 34127)

MARC details
000 -LEADER
fixed length control field 00859nam a22002177a 4500
003 - CONTROL NUMBER IDENTIFIER
control field JO-AjAnu
005 - DATE AND TIME OF LATEST TRANSACTION
control field 20251018122142.0
008 - FIXED-LENGTH DATA ELEMENTS--GENERAL INFORMATION
fixed length control field 251018b jo ||||| |||| 00| 0 ara d
020 ## - INTERNATIONAL STANDARD BOOK NUMBER
International Standard Book Number 9789957948337
040 ## - CATALOGING SOURCE
Original cataloging agency JO-AjAnu
Language of cataloging ara
Transcribing agency JO-AjAnu
Modifying agency JO-AjAnu
Description conventions rda
041 ## - LANGUAGE CODE
Language code of text/sound track or separate title ara
Language code of original ara
050 ## - LIBRARY OF CONGRESS CALL NUMBER
Classification number PJ7632.
Item number J6.K8788 2022
100 #1 - MAIN ENTRY--PERSONAL NAME
Personal name الكردي، محمد علي الصويركي
Relator term مؤلف
9 (RLIN) 62629
245 #0 - TITLE STATEMENT
Title الاردن في اشعار العرب /
Statement of responsibility, etc. محمد علي الصويركي الكردي
260 ## - PUBLICATION, DISTRIBUTION, ETC.
Place of publication, distribution, etc. عمان :
Name of publisher, distributor, etc. وزارة الثقافة،
Date of publication, distribution, etc. 2022
300 ## - PHYSICAL DESCRIPTION
Extent 140 صفحة
490 ## - SERIES STATEMENT
Series statement سلسلة مكتبة الاسرة-تراث ودراسات اردنية 840
504 ## - BIBLIOGRAPHY, ETC. NOTE
Bibliography, etc. note يحتوي على فهرس مصادر ومراجع
650 70 - SUBJECT ADDED ENTRY--TOPICAL TERM
Topical term or geographic name entry element الشعر العربي-الشعراء العرب-الاردن
9 (RLIN) 66882
942 ## - ADDED ENTRY ELEMENTS (KOHA)
Source of classification or shelving scheme Library of Congress Classification
Koha item type Books
Suppress in OPAC No
Holdings
Withdrawn status Lost status Source of classification or shelving scheme Damaged status Not for loan Home library Current library Date acquired Total Checkouts Full call number Barcode Date last seen Price effective from Koha item type
    Library of Congress Classification     مكتبة جامعة عجلون الوطنية مكتبة جامعة عجلون الوطنية 18/10/2025   PJ7632.J6.K8788 2022 a30551 18/10/2025 18/10/2025 Books
    Library of Congress Classification     مكتبة جامعة عجلون الوطنية مكتبة جامعة عجلون الوطنية 18/10/2025   PJ7632.J6.K8788 2022 a30552 18/10/2025 18/10/2025 Books